000
00247nam a2200097Ia 4500
008
220204s9999 xx 000 0 und d
082
_a
677.18
_b
SUR
245
0
_a
Survey reports on coir industry
260
_a
Ernakulam
_b
Coir board
_c
1968
942
_c
BK
999
_c
23566
_d
23566